[Event "Angers op 16th"]
[Site "Angers"]
[Date "2023.05.19"]
[Round "1"]
[White "Roos, Adrian"]
[Black "Nineuil, Vincent"]
[Result "1-0"]
[WhiteElo "2275"]
[BlackElo "2055"]
[PlyCount "65"]
[EventDate "2023.05.19"]
[EventType "swiss"]
[EventRounds "6"]
[EventCountry "FRA"]
[SourceTitle "CBM 214 Extra"]
[Source "ChessBase"]
[SourceDate "2023.07.31"]
[SourceVersion "1"]
[SourceVersionDate "2023.07.31"]
[SourceQuality "1"]

1. d4 Nf6 2. c4 g6 3. Nc3 d5 4. cxd5 Nxd5 5. e4 Nxc3 6. bxc3 Bg7 7. Qa4+ Nd7 8. Nf3 0-0 9. Be2 Nb6 10. Qa5 Be6 11. Nd2 f5 12. 0-0 fxe4 13. Nxe4 Bd5 14. Ng5 e5 15. dxe5 Bxe5 16. f4 Bg7 17. Ba3 Re8 18. Qb5 c6 19. Qd3 Bc4 20. Qxc4+ Nxc4 21. Bxc4+ Qd5 22. Bxd5+ cxd5 23. Rad1 Rad8 24. Rd3 Re2 25. Rf2 Re1+ 26. Rf1 Re2 27. Bc5 Rxa2 28. Ne6 Re8 29. Nxg7 Ree2 30. Rg3 Kxg7 31. f5 a5 32. Bd4+ Kh6 33. f6 1-0

[Event "Cattolica op-A 8th"]
[Site "Cattolica"]
[Date "2021.06.03"]
[Round "9"]
[White "Skurniak, Szymon"]
[Black "Nineuil, Vincent"]
[Result "1-0"]
[WhiteElo "2034"]
[BlackElo "1963"]
[PlyCount "113"]
[EventDate "2021.05.27"]
[EventType "swiss"]
[EventRounds "9"]
[EventCountry "ITA"]
[SourceTitle "CBM 203 Extra"]
[Source "ChessBase"]
[SourceDate "2021.09.30"]
[SourceVersion "1"]
[SourceVersionDate "2021.09.30"]
[SourceQuality "1"]

1. e4 e5 2. Nf3 Nc6 3. d4 exd4 4. Nxd4 Nf6 5. Nxc6 bxc6 6. e5 Qe7 7. Qe2 Nd5 8. h4 Qe6 9. Nd2 Nb4 10. Nf3 Qg6 11. Nd4 h5 12. a3 Ba6 13. c4 Nd5 14. Qf3 Nb6 15. b3 0-0-0 16. Bd3 Qg4 17. Qxg4 hxg4 18. Bb2 Re8 19. 0-0-0 Bb7 20. Nf5 c5 21. Ne3 a5 22. Bf5 Bc6 23. a4 g3 24. fxg3 g6 25. Bh3 Bh6 26. Rhe1 f5 27. Kb1 Bxe3 28. Rxe3 d5 29. g4 d4 30. gxf5 dxe3 31. f6+ Bd7 32. f7 Re6 33. Bxe6 Bxe6 34. Rf1 Nd7 35. g3 Rf8 36. Kc2 e2 37. Re1 Rxf7 38. Rxe2 Kd8 39. Kd2 Ke7 40. Bc3 Rf3 41. Re3 Rxe3 42. Kxe3 Bf5 43. Kd2 Ke6 44. Bxa5 Nxe5 45. Bxc7 Nc6 46. Bb6 Kd6 47. a5 Nd4 48. b4 Nf3+ 49. Ke3 Ne5 50. Bxc5+ Kc6 51. Kd4 Nf3+ 52. Kc3 Ne5 53. Bd4 Nf7 54. b5+ Kc7 55. c5 Be4 56. a6 Nh6 57. Be5+ 1-0

[Event "Cattolica op-A 8th"]
[Site "Cattolica"]
[Date "2021.06.01"]
[Round "6"]
[White "Costa, Leonardo"]
[Black "Nineuil, Vincent"]
[Result "1-0"]
[WhiteElo "2069"]
[BlackElo "1963"]
[PlyCount "73"]
[EventDate "2021.05.27"]
[EventType "swiss"]
[EventRounds "9"]
[EventCountry "ITA"]
[SourceTitle "CBM 203 Extra"]
[Source "ChessBase"]
[SourceDate "2021.09.30"]
[SourceVersion "1"]
[SourceVersionDate "2021.09.30"]
[SourceQuality "1"]

1. e4 e5 2. Nf3 Nc6 3. Bc4 Nf6 4. d3 Bc5 5. 0-0 d6 6. c3 a6 7. Bb3 Ba7 8. Nbd2 0-0 9. h3 h6 10. Re1 Re8 11. Nf1 Be6 12. N3h2 d5 13. Qf3 d4 14. Bxe6 Rxe6 15. c4 Bc5 16. Ng3 Bf8 17. Nf5 a5 18. g4 Nh7 19. Kh1 Be7 20. Qg3 Bg5 21. h4 Bxc1 22. Raxc1 Ra6 23. Re2 a4 24. Rf1 Nb4 25. a3 Nc6 26. Rd2 Rb6 27. f4 Rb3 28. Nf3 exf4 29. Qxf4 Nf8 30. g5 Ng6 31. Qg3 h5 32. Qf2 Nge5 33. Nxe5 Rxe5 34. Nxg7 Kxg7 35. Qxf7+ Kh8 36. Qxh5+ Kg8 37. Rf7 1-0

[Event "Cattolica op-A 8th"]
[Site "Cattolica"]
[Date "2021.05.30"]
[Round "4"]
[White "Valenta, Vit"]
[Black "Nineuil, Vincent"]
[Result "0-1"]
[WhiteElo "2067"]
[BlackElo "1963"]
[PlyCount "84"]
[EventDate "2021.05.27"]
[EventType "swiss"]
[EventRounds "9"]
[EventCountry "ITA"]
[SourceTitle "CBM 203 Extra"]
[Source "ChessBase"]
[SourceDate "2021.09.30"]
[SourceVersion "1"]
[SourceVersionDate "2021.09.30"]
[SourceQuality "1"]

1. b4 e5 2. Bb2 Bxb4 3. Bxe5 Nf6 4. Nf3 0-0 5. g3 d5 6. Bg2 c5 7. Bb2 Nc6 8. 0-0 Re8 9. e3 Bg4 10. h3 Bh5 11. d3 d4 12. e4 c4 13. a3 Bc5 14. g4 Bg6 15. Nh4 c3 16. Bc1 Nd7 17. Nxg6 hxg6 18. Bf4 b5 19. Bg3 Rc8 20. f4 g5 21. fxg5 Qxg5 22. Rf5 Qd8 23. Qf1 Nde5 24. Qe2 g6 25. Rf1 Qd7 26. h4 Qxg4 27. Qxg4 Nxg4 28. Bh3 f5 29. exf5 Ne3 30. Rf2 gxf5 31. Bxf5 Nxf5 32. Rxf5 Ne7 33. Rh5 Rc6 34. Bf2 Rec8 35. Kh1 a6 36. Nxc3 dxc3 37. d4 Bd6 38. Be3 Kf7 39. d5 Rc4 40. Rh6 Nxd5 41. Rf1+ Bf4 42. Bc1 Re4 0-1

[Event "Cattolica Summer GM Mix"]
[Site "Cattolica"]
[Date "2021.05.23"]
[Round "4"]
[White "Nineuil, Vincent"]
[Black "Ohler, Julius"]
[Result "1/2-1/2"]
[WhiteElo "1963"]
[BlackElo "2010"]
[PlyCount "80"]
[EventDate "2021.05.21"]
[EventType "swiss"]
[EventRounds "9"]
[EventCountry "ITA"]
[SourceTitle "CBM 202 Extra"]
[Source "ChessBase"]
[SourceDate "2021.07.31"]
[SourceVersion "1"]
[SourceVersionDate "2021.07.31"]
[SourceQuality "1"]

1. e4 c6 2. d4 d5 3. e5 c5 4. dxc5 Nc6 5. f4 e6 6. Be3 d4 7. Bf2 Bxc5 8. Nd2 Nge7 9. Qg4 Nf5 10. Bd3 h5 11. Qe2 Qa5 12. Bxf5 exf5 13. Ngf3 Be6 14. 0-0 Qc7 15. Qb5 Qb6 16. Qa4 0-0 17. Nb3 Bxb3 18. Qxb3 Qxb3 19. axb3 Rfd8 20. c3 Bb6 21. Rfd1 dxc3 22. bxc3 Bxf2+ 23. Kxf2 Kf8 24. Ke3 g6 25. Nd4 Ne7 26. c4 a6 27. Rd2 Ke8 28. Rad1 Rac8 29. Rd3 Rc7 30. R1d2 Rcc8 31. Ke2 Nc6 32. Nxc6 Rxd3 33. Rxd3 Rxc6 34. Rd6 Ke7 35. Rxc6 bxc6 36. b4 Kd7 37. Kd3 c5 38. b5 Kc7 39. Kc3 Kb6 40. bxa6 Kxa6 1/2-1/2

[Event "Cattolica Summer GM Mix"]
[Site "Cattolica"]
[Date "2021.05.22"]
[Round "3"]
[White "Nineuil, Vincent"]
[Black "Sorensen, Hampus"]
[Result "0-1"]
[WhiteElo "1963"]
[BlackElo "2395"]
[PlyCount "48"]
[EventDate "2021.05.21"]
[EventType "swiss"]
[EventRounds "9"]
[EventCountry "ITA"]
[SourceTitle "CBM 202 Extra"]
[Source "ChessBase"]
[SourceDate "2021.07.31"]
[SourceVersion "1"]
[SourceVersionDate "2021.07.31"]
[SourceQuality "1"]

1. e4 e5 2. Nf3 Nc6 3. Bc4 Bc5 4. d3 Nf6 5. c3 a6 6. 0-0 Ba7 7. Bb3 d6 8. Nbd2 h6 9. Re1 g5 10. Nf1 g4 11. N3d2 Nh5 12. Nc4 Qf6 13. Be3 b5 14. Ncd2 Nf4 15. Bxa7 Rxa7 16. Bc2 h5 17. Ne3 h4 18. Ndf1 Rg8 19. d4 Kf8 20. dxe5 Nxe5 21. Nd5 Nf3+ 22. Qxf3 gxf3 23. Nxf6 Nh3+ 24. Kh1 fxg2# 0-1

[Event "Europe Echecs Blitz May op"]
[Site "Europe Echecs INT"]
[Date "2021.05.09"]
[Round "5"]
[White "Nandhidhaa, PV."]
[Black "Nineuil, Vincent"]
[Result "1-0"]
[WhiteElo "2365"]
[BlackElo "1963"]
[PlyCount "55"]
[EventDate "2021.05.09"]
[EventType "swiss (blitz)"]
[EventRounds "11"]
[EventCountry "FRA"]
[SourceTitle "CBM 202 Extra"]
[Source "ChessBase"]
[SourceDate "2021.07.31"]
[SourceVersion "1"]
[SourceVersionDate "2021.07.31"]
[SourceQuality "1"]

1. e4 e5 2. Nf3 Nc6 3. Nc3 Nf6 4. Bb5 d6 5. d4 exd4 6. Nxd4 Bd7 7. Bxc6 bxc6 8. 0-0 g6 9. Re1 Ng4 10. h3 Ne5 11. f4 Nc4 12. b3 Nb6 13. e5 Be7 14. exd6 cxd6 15. Qe2 Kf8 16. Ba3 c5 17. Nf3 Bf6 18. Bb2 Kg7 19. Rad1 Bc6 20. Qf2 Nd5 21. Nxd5 Bxb2 22. c4 Re8 23. Qxb2+ f6 24. Rxe8 Bxe8 25. Re1 Bc6 26. Re7+ Kh6 27. Qxf6 Bxd5 28. Qg5# 1-0

[Event "Europe Echecs Blitz May op"]
[Site "Europe Echecs INT"]
[Date "2021.05.09"]
[Round "6"]
[White "Nineuil, Vincent"]
[Black "Mammadova, Gulnar Marfat Qizi"]
[Result "0-1"]
[WhiteElo "1963"]
[BlackElo "2382"]
[PlyCount "106"]
[EventDate "2021.05.09"]
[EventType "swiss (blitz)"]
[EventRounds "11"]
[EventCountry "FRA"]
[SourceTitle "CBM 202 Extra"]
[Source "ChessBase"]
[SourceDate "2021.07.31"]
[SourceVersion "1"]
[SourceVersionDate "2021.07.31"]
[SourceQuality "1"]

1. e4 e6 2. d4 d5 3. Nc3 Bb4 4. e5 c5 5. a3 Bxc3+ 6. bxc3 Qa5 7. Bd2 Qa4 8. Nf3 b6 9. Bd3 Ba6 10. Bxa6 Qxa6 11. h4 Ne7 12. h5 h6 13. Nh4 Nbc6 14. Qg4 Rh7 15. a4 Qc4 16. Rh3 Nxe5 17. Qf4 Nd7 18. Qd6 cxd4 19. cxd4 Qxd4 20. Bc3 Qc5 21. Qf4 Rc8 22. Bd2 Qc4 23. Qe3 Qe4 24. Qxe4 dxe4 25. a5 b5 26. a6 Rxc2 27. Rb3 Rc5 28. Be3 Rxh5 29. g3 Nc6 30. Ke2 Ke7 31. Ng2 Rf5 32. Nf4 g5 33. Nh5 Rh8 34. g4 Rd5 35. Ng3 f5 36. Rab1 f4 37. Nxe4 fxe3 38. fxe3 Rb8 39. Nc3 Re5 40. Nxb5 Rbxb5 41. Rxb5 Nd4+ 42. Kd3 Nxb5 43. Rh1 Rd5+ 44. Kc4 Ne5+ 45. Kb4 Nxg4 46. e4 Re5 47. Rg1 Nf6 48. Rh1 h5 49. Rg1 h4 50. Rc1 h3 51. Rc8 g4 52. Rb8 h2 53. Rb7+ Nd7 0-1

[Event "C'Chartres Blitz op April"]
[Site "Europe Echecs INT"]
[Date "2021.04.10"]
[Round "4"]
[White "Bulmaga, Irina"]
[Black "Nineuil, Vincent"]
[Result "1-0"]
[WhiteElo "2440"]
[BlackElo "1963"]
[PlyCount "128"]
[EventDate "2021.04.10"]
[EventType "swiss (blitz)"]
[EventRounds "11"]
[EventCountry "FRA"]
[SourceTitle "CBM 201 Extra"]
[Source "ChessBase"]
[SourceDate "2021.05.31"]
[SourceVersion "1"]
[SourceVersionDate "2021.05.31"]
[SourceQuality "1"]

1. e4 e5 2. Nf3 Nc6 3. Nc3 Nf6 4. g3 d6 5. Bg2 Be7 6. h3 h6 7. 0-0 Be6 8. d4 exd4 9. Nxd4 Nxd4 10. Qxd4 Qd7 11. e5 dxe5 12. Qxd7+ Nxd7 13. Bxb7 Rb8 14. Bg2 0-0 15. b3 Bf5 16. Be3 Nb6 17. Ne4 Nd5 18. Bxa7 Ra8 19. Be3 Nxe3 20. fxe3 Bg6 21. c4 Rfd8 22. Nc3 Bc5 23. Bxa8 Bxe3+ 24. Kg2 Rxa8 25. Nd5 Bd4 26. Ne7+ Kh7 27. Nxg6 Bxa1 28. Nf8+ Kg8 29. Rxa1 Kxf8 30. a4 Ke7 31. Kf3 f5 32. a5 Kd6 33. b4 g5 34. g4 e4+ 35. Ke3 f4+ 36. Kxe4 Re8+ 37. Kf3 Kc6 38. a6 Kb6 39. a7 Ra8 40. Re1 Rxa7 41. Re6+ c6 42. b5 Ra3+ 43. Kf2 Rxh3 44. Rxc6+ Kb7 45. Rg6 Rc3 46. Rc6 Rg3 47. Rxh6 Rxg4 48. c5 Rg3 49. Rh7+ Kc8 50. b6 Rb3 51. Rg7 Rb5 52. Rxg5 Kb7 53. Kf3 Rb4 54. Rg7+ Ka6 55. Ra7+ Kb5 56. Rc7 Ka6 57. Rf7 Kb5 58. Rc7 Ka6 59. Kg4 Rb5 60. Kxf4 Rb4+ 61. Ke5 Kb5 62. b7 Ka6 63. c6 Rb6 64. Rc8 Kb5 1-0

[Event "C'Chartres Blitz op April"]
[Site "Europe Echecs INT"]
[Date "2021.04.10"]
[Round "11"]
[White "Nineuil, Vincent"]
[Black "Alberola, Raphael"]
[Result "0-1"]
[WhiteElo "1963"]
[BlackElo "1664"]
[PlyCount "34"]
[EventDate "2021.04.10"]
[EventType "swiss (blitz)"]
[EventRounds "11"]
[EventCountry "FRA"]
[SourceTitle "CBM 201 Extra"]
[Source "ChessBase"]
[SourceDate "2021.05.31"]
[SourceVersion "1"]
[SourceVersionDate "2021.05.31"]
[SourceQuality "1"]

1. e4 d5 2. exd5 Qxd5 3. Nf3 Nf6 4. Be2 Nc6 5. c4 Qa5 6. Nc3 Bg4 7. 0-0 Qh5 8. d4 0-0-0 9. d5 e6 10. Qa4 exd5 11. h3 d4 12. hxg4 Nxg4 13. Ne4 Nce5 14. Rd1 d3 15. Qxa7 Nxf3+ 16. Bxf3 Qh2+ 17. Kf1 Qh1# 0-1

[Event "Cappelle Online Blitz op"]
[Site "Europe Echecs INT"]
[Date "2021.03.07"]
[Round "4"]
[White "Morelle, Ludovic"]
[Black "Nineuil, Vincent"]
[Result "1-0"]
[WhiteElo "2314"]
[BlackElo "1963"]
[PlyCount "79"]
[EventDate "2021.03.07"]
[EventType "swiss (blitz)"]
[EventRounds "11"]
[EventCountry "FRA"]
[SourceTitle "CBM 201 Extra"]
[Source "ChessBase"]
[SourceDate "2021.05.31"]
[SourceVersion "1"]
[SourceVersionDate "2021.05.31"]
[SourceQuality "1"]

1. e4 e5 2. Nf3 Nc6 3. Nc3 Nf6 4. Be2 Be7 5. 0-0 0-0 6. d4 d6 7. h3 h6 8. Re1 exd4 9. Nxd4 Nxd4 10. Qxd4 Be6 11. a4 c6 12. a5 d5 13. e5 Nd7 14. a6 b6 15. Bf3 Re8 16. Bf4 Nf8 17. Bh5 Bf5 18. Re2 Bc5 19. Qd2 Qh4 20. Bf3 Re6 21. Kh2 Ng6 22. Bg3 Qe7 23. Rae1 Re8 24. Na4 h5 25. Bxh5 Nxe5 26. Rxe5 Rxe5 27. Rxe5 Qd7 28. Rxe8+ Qxe8 29. Nxc5 bxc5 30. Bg4 Bg6 31. c3 Qe4 32. Bb8 Qa4 33. Bxa7 Qxa6 34. Bxc5 Qc4 35. b4 Bd3 36. Bd4 Bf1 37. Qg5 Kf8 38. Qxg7+ Ke7 39. Bc5+ Ke8 40. Qf8# 1-0

[Event "Cappelle Online Blitz op"]
[Site "Europe Echecs INT"]
[Date "2021.03.07"]
[Round "1"]
[White "Nineuil, Vincent"]
[Black "Fedoseev, Vladimir1111"]
[Result "0-1"]
[WhiteElo "1963"]
[BlackElo "2687"]
[PlyCount "96"]
[EventDate "2021.03.07"]
[EventType "swiss (blitz)"]
[EventRounds "11"]
[EventCountry "FRA"]
[SourceTitle "CBM 201 Extra"]
[Source "ChessBase"]
[SourceDate "2021.05.31"]
[SourceVersion "1"]
[SourceVersionDate "2021.05.31"]
[SourceQuality "1"]

1. e4 e6 2. d4 d5 3. Nc3 Bb4 4. e5 c5 5. a3 Ba5 6. b4 cxb4 7. Nb5 Nc6 8. Nd6+ Kf8 9. Nf3 Bc7 10. axb4 Bxd6 11. exd6 Qxd6 12. c3 Nf6 13. Bd3 Ne4 14. Qc2 Bd7 15. 0-0 Rc8 16. Bxe4 dxe4 17. Qxe4 b5 18. Bf4 Qd5 19. Qxd5 exd5 20. Ne5 Nxe5 21. Bxe5 Ra8 22. Rfe1 Be6 23. h3 a6 24. g4 h5 25. g5 Bxh3 26. Bc7 Be6 27. Ra5 h4 28. Rea1 Rh5 29. Bf4 Bc8 30. Rxb5 f6 31. Rxd5 Bb7 32. Rf5 Re8 33. Rc5 Re4 34. Bd6+ Kg8 35. gxf6 Rh6 36. Rc7 Rg4+ 37. Kf1 Bg2+ 38. Ke2 Rxf6 39. Rxa6 h3 40. Rb6 Kh7 41. Bc5 Rxb6 42. Bxb6 h2 43. f3 Rg6 44. Bc5 h1Q 45. Re7 Bxf3+ 46. Kd3 Qb1+ 47. Kc4 Qa2+ 48. Kb5 Qa6# 0-1

[Event "Cappelle Online Blitz op"]
[Site "Europe Echecs INT"]
[Date "2021.03.07"]
[Round "5"]
[White "Nineuil, Vincent"]
[Black "Hucault, Christophe"]
[Result "1-0"]
[WhiteElo "1963"]
[BlackElo "1612"]
[PlyCount "95"]
[EventDate "2021.03.07"]
[EventType "swiss (blitz)"]
[EventRounds "11"]
[EventCountry "FRA"]
[SourceTitle "CBM 201 Extra"]
[Source "ChessBase"]
[SourceDate "2021.05.31"]
[SourceVersion "1"]
[SourceVersionDate "2021.05.31"]
[SourceQuality "1"]

1. e4 c5 2. Nf3 e6 3. d4 cxd4 4. Nxd4 Nf6 5. Nc3 Nc6 6. Be2 Bb4 7. Nxc6 bxc6 8. e5 Nd5 9. Bd2 Qc7 10. Nxd5 Bxd2+ 11. Qxd2 cxd5 12. f4 Qb6 13. b3 Ba6 14. Bxa6 Qxa6 15. Qb4 Rc8 16. Kd2 Qc6 17. c3 f6 18. exf6 gxf6 19. Rae1 Rg8 20. g3 Qc5 21. Qd4 Ke7 22. Re3 Qa3 23. Qb4+ Qxb4 24. cxb4 Rb8 25. a3 Rgc8 26. Rhe1 Rb6 27. Rc3 Rxc3 28. Kxc3 Rc6+ 29. Kd3 Kd6 30. b5 Rb6 31. a4 a6 32. bxa6 Rxa6 33. Ra1 Kc5 34. Kc3 e5 35. b4+ Kd6 36. fxe5+ fxe5 37. b5 Ra8 38. Kb4 e4 39. a5 e3 40. a6 e2 41. Re1 Kc7 42. Rxe2 Kb6 43. Re7 Ra7 44. Rxh7 d4 45. Rh6+ Kc7 46. b6+ Kb8 47. bxa7+ Kxa7 48. Rd6 1-0

[Event "Cappelle Online Blitz op"]
[Site "Europe Echecs INT"]
[Date "2021.03.07"]
[Round "9"]
[White "Nineuil, Vincent"]
[Black "Levannier Gouel, Marius"]
[Result "1-0"]
[WhiteElo "1963"]
[BlackElo "1676"]
[PlyCount "37"]
[EventDate "2021.03.07"]
[EventType "swiss (blitz)"]
[EventRounds "11"]
[EventCountry "FRA"]
[SourceTitle "CBM 201 Extra"]
[Source "ChessBase"]
[SourceDate "2021.05.31"]
[SourceVersion "1"]
[SourceVersionDate "2021.05.31"]
[SourceQuality "1"]

1. e4 c5 2. Nf3 Nc6 3. d4 cxd4 4. Nxd4 e5 5. Nb5 a6 6. Nd6+ Bxd6 7. Qxd6 Qe7 8. Qd1 Nf6 9. Nc3 d6 10. Bg5 Be6 11. Be2 b5 12. 0-0 0-0 13. Nd5 Bxd5 14. exd5 Nd4 15. Bd3 h6 16. Bh4 e4 17. Bxf6 gxf6 18. Qg4+ Kh8 19. Qxe4 1-0

[Event "Cappelle Online Blitz op"]
[Site "Europe Echecs INT"]
[Date "2021.03.07"]
[Round "11"]
[White "Nineuil, Vincent"]
[Black "Mallassagne, Francois Eric"]
[Result "0-1"]
[WhiteElo "1963"]
[BlackElo "2149"]
[PlyCount "130"]
[EventDate "2021.03.07"]
[EventType "swiss (blitz)"]
[EventRounds "11"]
[EventCountry "FRA"]
[SourceTitle "CBM 201 Extra"]
[Source "ChessBase"]
[SourceDate "2021.05.31"]
[SourceVersion "1"]
[SourceVersionDate "2021.05.31"]
[SourceQuality "1"]

1. e4 e5 2. Nf3 Nf6 3. Nxe5 Nc6 4. Nxc6 dxc6 5. d3 Bc5 6. Be2 h5 7. Bg5 Qd4 8. 0-0 Qxb2 9. Nd2 Qe5 10. Nf3 Qe6 11. Nh4 Ng4 12. d4 Bb6 13. Bf3 g6 14. d5 Qd6 15. g3 Ne5 16. Bg2 Bg4 17. Qd2 f6 18. Bf4 0-0-0 19. Nxg6 Rhg8 20. Nxe5 fxe5 21. Bg5 Bd4 22. c3 Bb6 23. Bxd8 Kxd8 24. h3 Bd7 25. Rad1 Rxg3 26. dxc6 Bxc6 27. Qxd6+ cxd6 28. Kh2 Rxc3 29. Rxd6+ Ke7 30. Rh6 Rc2 31. Rxh5 Bxf2 32. Rxe5+ Kd6 33. Rf5 Bd4 34. Kg3 Be5+ 35. Kg4 Rxg2+ 36. Kh5 Bxe4 37. Rf8 Bc6 38. Rd1+ Ke6 39. Rdf1 Rg7 40. h4 a5 41. Kh6 Rd7 42. h5 Bg7+ 43. Kg6 Be4+ 44. Kg5 Bxf8 45. Rxf8 Rg7+ 46. Kh6 Rh7+ 47. Kg5 b5 48. Rb8 Rb7 49. Re8+ Kd5 50. h6 b4 51. Kf6 Rb6+ 52. Kg7 Rb7+ 53. Kg8 a4 54. Rd8+ Kc4 55. Rc8+ Kd3 56. Rd8+ Ke3 57. Re8 Kf3 58. Rf8+ Kg4 59. Re8 Bd5+ 60. Kh8 b3 61. axb3 axb3 62. h7 Be4 63. Rg8+ Kh5 64. Rg7 Rxg7 65. Kxg7 Bxh7 0-1

[Event "Cappelle Online Blitz op"]
[Site "Europe Echecs INT"]
[Date "2021.03.07"]
[Round "10"]
[White "Saya, Ethan"]
[Black "Nineuil, Vincent"]
[Result "1/2-1/2"]
[WhiteElo "2230"]
[BlackElo "1963"]
[PlyCount "168"]
[EventDate "2021.03.07"]
[EventType "swiss (blitz)"]
[EventRounds "11"]
[EventCountry "FRA"]
[SourceTitle "CBM 201 Extra"]
[Source "ChessBase"]
[SourceDate "2021.05.31"]
[SourceVersion "1"]
[SourceVersionDate "2021.05.31"]
[SourceQuality "1"]

1. d4 Nf6 2. c4 g6 3. Nc3 d5 4. cxd5 Nxd5 5. e4 Nxc3 6. bxc3 Bg7 7. Nf3 c5 8. Bb5+ Nc6 9. Be3 0-0 10. 0-0 Bg4 11. Bxc6 bxc6 12. e5 cxd4 13. cxd4 c5 14. dxc5 Bxf3 15. Qxf3 Bxe5 16. Rac1 Rc8 17. c6 Qa5 18. Rfd1 Bd6 19. Rxd6 exd6 20. Qf6 Qe5 21. Qxe5 dxe5 22. Bxa7 Ra8 23. c7 Rfc8 24. Bb8 Kg7 25. g3 Rxa2 26. Rd1 Rc2 27. Rd7 Kf6 28. Kg2 Ke6 29. Rd8 R2xc7 30. Bxc7 Rxc7 31. Rh8 h5 32. Re8+ Kf5 33. h4 Rc2 34. Re7 f6 35. Rf7 g5 36. hxg5 Kxg5 37. Rg7+ Kh6 38. Rf7 Kg6 39. Rf8 e4 40. Kf1 f5 41. Ke1 Kg5 42. Rg8+ Kf6 43. Rh8 Kg6 44. Rg8+ Kf6 45. Rh8 Kg6 46. Kf1 Rb2 47. Rg8+ Kf6 48. Ra8 Rc2 49. Rb8 Ra2 50. Rc8 Rb2 51. Rd8 Kg5 52. Rf8 h4 53. Rg8+ Kh5 54. Rh8+ Kg5 55. Rxh4 Ra2 56. Rh8 Rb2 57. Rg8+ Kf6 58. Rc8 Kg5 59. Ke1 Kg4 60. Rf8 Kg5 61. Rf7 Kg4 62. Kf1 Kg5 63. Rg7+ Kf6 64. Rg8 Ke5 65. Rg5 Kf6 66. Rh5 Kg6 67. Rh8 Kg5 68. Rg8+ Kf6 69. Kg1 Ke5 70. Rg6 f4 71. Rg5+ Kd4 72. gxf4 e3 73. fxe3+ Kxe3 74. Rf5 Rb4 75. Rf8 Rxf4 76. Re8+ Kf3 77. Ra8 Kg4 78. Ra3 Kf5 79. Kg2 Kg4 80. Ra5 Rb4 81. Ra2 Rc4 82. Rb2 Ra4 83. Rc2 Rb4 84. Rf2 Ra4 1/2-1/2

[Event "Cappelle Online Rapid op"]
[Site "Europe Echecs INT"]
[Date "2021.03.06"]
[Round "7"]
[White "Le Marec, Laura"]
[Black "Nineuil, Vincent"]
[Result "0-1"]
[WhiteElo "1714"]
[BlackElo "1963"]
[PlyCount "142"]
[EventDate "2021.03.06"]
[EventType "swiss (rapid)"]
[EventRounds "9"]
[EventCountry "FRA"]
[SourceTitle "CBM 201 Extra"]
[Source "ChessBase"]
[SourceDate "2021.05.31"]
[SourceVersion "1"]
[SourceVersionDate "2021.05.31"]
[SourceQuality "1"]

1. c4 Nf6 2. Nc3 g6 3. g3 Bg7 4. Bg2 0-0 5. d4 d6 6. e3 Nbd7 7. Nge2 e5 8. 0-0 Re8 9. Qc2 c6 10. b3 Qc7 11. Ba3 Nf8 12. dxe5 dxe5 13. Rfd1 Be6 14. Rd2 Rad8 15. Rad1 Qa5 16. Qc1 N8d7 17. b4 Qc7 18. Ne4 Nxe4 19. Bxe4 f5 20. Bg2 e4 21. Nf4 Bf7 22. h4 Ne5 23. c5 Rxd2 24. Qxd2 Nc4 25. Qc1 Rd8 26. Rxd8+ Qxd8 27. Bf1 Ne5 28. Kg2 g5 29. hxg5 Qxg5 30. Bb2 h5 31. Qd1 h4 32. Nh3 Qh6 33. Qd8+ Kh7 34. Qxh4 Qxh4 35. gxh4 Bxa2 36. Ng5+ Kg6 37. Ne6 Bxe6 38. Be2 Ng4 39. Bc1 Bf6 40. Kg3 Be5+ 41. Kg2 Kh5 42. f3 exf3+ 43. Bxf3 Kxh4 44. b5 Bd5 45. bxc6 Bxc6 46. Bxc6 bxc6 47. Kf3 Nf6 48. Bd2 Ne4 49. Be1+ Kg5 50. Bb4 Bc3 51. Ba3 a5 52. Ke2 Bb4 53. Bb2 Bxc5 54. Kd3 Nd6 55. Be5 a4 56. Bf4+ Kf6 57. Kc3 a3 58. Kb3 Ke6 59. Bg5 Kd5 60. Bf4 Ne4 61. Ka2 Nf2 62. Kb3 Nd3 63. Bh6 Ke4 64. Kc4 Bxe3 65. Bg7 f4 66. Kb3 f3 67. Kc4 f2 68. Bd4 f1Q 69. Kb3 Qb1+ 70. Kc4 Qc2+ 71. Bc3 Qa2# 0-1

[Event "Cappelle Online Rapid op"]
[Site "Europe Echecs INT"]
[Date "2021.03.06"]
[Round "9"]
[White "Roussat, Fabien"]
[Black "Nineuil, Vincent"]
[Result "1-0"]
[WhiteElo "1681"]
[BlackElo "1963"]
[PlyCount "37"]
[EventDate "2021.03.06"]
[EventType "swiss (rapid)"]
[EventRounds "9"]
[EventCountry "FRA"]
[SourceTitle "CBM 201 Extra"]
[Source "ChessBase"]
[SourceDate "2021.05.31"]
[SourceVersion "1"]
[SourceVersionDate "2021.05.31"]
[SourceQuality "1"]

1. e4 e5 2. Nf3 Nc6 3. Bb5 a6 4. Bxc6 dxc6 5. 0-0 Bd6 6. d4 exd4 7. Qxd4 f6 8. Be3 Ne7 9. Nbd2 c5 10. Qc3 b5 11. Bxc5 0-0 12. Rad1 Bb7 13. a4 Kh8 14. axb5 axb5 15. Nb3 Bxe4 16. Rfe1 Nd5 17. Qd4 Bxf3 18. gxf3 Nf4 19. Bxd6 1-0

[Event "Cappelle Online Bullet op"]
[Site "Europe Echecs INT"]
[Date "2021.03.05"]
[Round "15"]
[White "Lagura, Marcelo"]
[Black "Nineuil, Vincent"]
[Result "1/2-1/2"]
[WhiteElo "1756"]
[BlackElo "1963"]
[PlyCount "102"]
[EventDate "2021.03.05"]
[EventType "swiss (blitz)"]
[EventRounds "15"]
[EventCountry "FRA"]
[SourceTitle "EXT 2022"]
[Source "ChessBase"]
[SourceDate "2021.10.06"]
[SourceVersion "1"]
[SourceVersionDate "2021.10.06"]
[SourceQuality "1"]

1. e4 e5 2. Nf3 Nc6 3. Bc4 Nf6 4. d3 Bc5 5. 0-0 a6 6. c3 Ba7 7. a4 d6 8. Nbd2 h6 9. Re1 0-0 10. h3 Re8 11. Nf1 Be6 12. Bxe6 fxe6 13. Be3 Ne7 14. Bxa7 Rxa7 15. d4 exd4 16. Nxd4 Qd7 17. Qb3 c5 18. Nxe6 Kh8 19. Rad1 b5 20. Nxc5 Qc6 21. Nd3 bxa4 22. Qf7 Rg8 23. Nf4 Rd7 24. Ng3 Nf5 25. Ng6+ Kh7 26. Nf8+ Kh8 27. Nxd7 Qxd7 28. Qxd7 Nxd7 29. exf5 Nc5 30. Re7 Nb3 31. f6 Nc5 32. fxg7+ Rxg7 33. Rxg7 Kxg7 34. Rxd6 Kf7 35. Rc6 Nb3 36. Rxa6 Nd2 37. Rxa4 Nc4 38. Rxc4 Kg6 39. f4 Kf7 40. Kf2 Kg6 41. Kf3 h5 42. Rc5 Kh7 43. Rxh5+ Kg7 44. Rg5+ Kf6 45. f5 Ke7 46. Ne4 Kd7 47. Kf4 Kc6 48. Ke5 Kb7 49. f6 Kc6 50. f7 Kb7 51. f8Q Kc6 1/2-1/2

[Event "Cappelle Online Bullet op"]
[Site "Europe Echecs INT"]
[Date "2021.03.05"]
[Round "11"]
[White "Saya, Ethan"]
[Black "Nineuil, Vincent"]
[Result "1-0"]
[WhiteElo "2230"]
[BlackElo "1963"]
[PlyCount "67"]
[EventDate "2021.03.05"]
[EventType "swiss (blitz)"]
[EventRounds "15"]
[EventCountry "FRA"]
[SourceTitle "EXT 2022"]
[Source "ChessBase"]
[SourceDate "2021.10.06"]
[SourceVersion "1"]
[SourceVersionDate "2021.10.06"]
[SourceQuality "1"]

1. e4 e5 2. Nf3 Nc6 3. Bc4 Nf6 4. d3 Bc5 5. c3 a6 6. Bb3 Ba7 7. h3 d6 8. Bc2 h6 9. Nbd2 Be6 10. Nf1 Ne7 11. g4 Ng6 12. Ng3 Nf4 13. Bxf4 exf4 14. Nf5 g5 15. Ng7+ Kf8 16. Nxe6+ fxe6 17. d4 Qe7 18. Qe2 e5 19. dxe5 dxe5 20. 0-0-0 Rd8 21. Kb1 Kf7 22. Bb3+ Kg7 23. Qc4 Bxf2 24. h4 b5 25. Qe2 Bb6 26. hxg5 hxg5 27. Nxg5 Rxd1+ 28. Rxd1 c5 29. Ne6+ Kg6 30. Bd5 c4 31. g5 Nh5 32. Qg4 Rf8 33. Rh1 f3 34. Qxh5# 1-0